Lecturas del Bicentenario (Registro nro. 6108)

Detalles MARC
000 -LEADER
fixed length control field 02215 a2200217 4500
001 - CONTROL NUMBER
control field 57047
005 - DATE AND TIME OF LATEST TRANSACTION
control field 20260407155833.0
008 - FIXED-LENGTH DATA ELEMENTS--GENERAL INFORMATION
fixed length control field 260407a2022 arg spa d
003 - CONTROL NUMBER IDENTIFIER
control field AR-UNSa-BCEJYS
040 ## - CATALOGING SOURCE
Original cataloging agency AR-UNSa-BCEJYS
Language of cataloging spa
Transcribing agency AR-UNSa-BCEJYS
080 ## - UNIVERSAL DECIMAL CLASSIFICATION NUMBER
Universal Decimal Classification number 378.4(821.2)
Common auxiliary subdivision Universidad de Buenos Aires
020 ## - INTERNATIONAL STANDARD BOOK NUMBER
International Standard Book Number 978-987-3810-43-5
041 ## - LANGUAGE CODE
Language code of text/sound track or separate title spa
245 10 - TITLE STATEMENT
Title Lecturas del Bicentenario
264 #1 - PRODUCTION, PUBLICATION, DISTRIBUTION, MANUFACTURE, AND COPYRIGHT NOTICE
Place of production, publication, distribution, manufacture Buenos Aires :
Name of producer, publisher, distributor, manufacturer Universidad de Buenos Aires. Facultad de Derecho. Departamento de Publicaciones
Date of production, publication, distribution, manufacture, or copyright notice 2022
300 ## - PHYSICAL DESCRIPTION
Extent 325 p.
Dimensions 22 cm.
505 ## - FORMATTED CONTENTS NOTE
Formatted contents note 1. La facultad de derecho en los 200 años – 2.La fundación de la Universidad de Buenos Aires – 3.Del departamento de jurisprudencia a la facultad de derecho y ciencias sociales – 4.La vida de la facultad de derecho en la calle Moreno 350 – 5.La universidad de Buenos Aires en las redes académicas globales de principios del siglo XX – 6.Contexto histórico en la Argentina a fines del siglo XIX y comienzos del siglo XX para enmarcar el centenario de la fundación de la Universidad de Buenos Aires – 7.La perdurable configuración del claustro docente (1821-1885) – 8.Los años difíciles de la facultad de derecho – 9.La centenaria relación entre facultades de derecho de las universidades de buenos aires – 10.Claroscuros en la Universidad de buenos aires y la FDCS – 11.Memorias de la facultad de derecho 1986-1990:La modernización y la reforma pedagógica en el marco de la democracia universitaria participativa – 12.La universidad de Buenos Aires en su Bicentenario – 13.Resonador de las clases y eco de los debates en la doctrina y en los foros: las tesis doctorales en derechos de la universidad de Buenos Aires – 14.Traslado de una biblioteca universitaria de 200.000 volúmenes un título tomado en préstamo – 15.La constitución ninguneada(un abordaje desde la enseñanza del derecho civil ) – 16.La enseñanza del derecho internacional privado: dinamismo de principios y metodología – 17.La facultad de derecho y su memoria archivista.
590 ## - LOCAL NOTE (RLIN)
Local note niveau_biblio:m niveau_hierar:0
856 41 - ELECTRONIC LOCATION AND ACCESS
Uniform Resource Identifier <a href="https://biblioeco.unsa.edu.ar/pmb/images/libros/L128671.jpg">https://biblioeco.unsa.edu.ar/pmb/images/libros/L128671.jpg</a>
Link text Imagen de portada
Electronic format type image/jpeg
942 ## - ADDED ENTRY ELEMENTS (KOHA)
Koha item type
Existencias
Withdrawn status Lost status Damaged status Not for loan Home library Current library Shelving location Date acquired Total checkouts Full call number Barcode Date last seen Price effective from Koha item type
        Biblioteca Prof. Eusebio Cleto del Rey Biblioteca Prof. Eusebio Cleto del Rey   07/04/2026   378.4(821.2) L471 L128671 07/04/2026 07/04/2026 Libro